<?xml version="1.0" encoding="UTF-8"?>
<record
    xmlns:xsi="http://www.w3.org/2001/XMLSchema-instance"
    xsi:schemaLocation="http://www.loc.gov/MARC21/slim http://www.loc.gov/standards/marcxml/schema/MARC21slim.xsd"
    xmlns="http://www.loc.gov/MARC21/slim">

  <leader>03093nam a22002657a 4500</leader>
  <controlfield tag="005">20240305165521.0</controlfield>
  <controlfield tag="007">cr||||   |||| </controlfield>
  <controlfield tag="008">190517s2019    mx |||||s|||| 00||0 spa d</controlfield>
  <datafield tag="020" ind1=" " ind2=" ">
    <subfield code="a">978-607-629-365-2</subfield>
  </datafield>
  <datafield tag="035" ind1=" " ind2=" ">
    <subfield code="a">23409</subfield>
  </datafield>
  <datafield tag="040" ind1=" " ind2=" ">
    <subfield code="a">vLex</subfield>
  </datafield>
  <datafield tag="090" ind1=" " ind2=" ">
    <subfield code="c">8744</subfield>
    <subfield code="d">8744</subfield>
  </datafield>
  <datafield tag="100" ind1="1" ind2=" ">
    <subfield code="a">P&#xE9;rez Ch&#xE1;vez, Jos&#xE9;</subfield>
  </datafield>
  <datafield tag="245" ind1="1" ind2="0">
    <subfield code="a">Manual pr&#xE1;ctico de sociedades y asociaciones civiles 2019</subfield>
    <subfield code="h">[Recurso electr&#xF3;nico] /</subfield>
    <subfield code="c">Jos&#xE9; P&#xE9;rez Ch&#xE1;vez, Raymundo Fol Olgu&#xED;n</subfield>
  </datafield>
  <datafield tag="256" ind1=" " ind2=" ">
    <subfield code="a">Servicio en l&#xED;nea</subfield>
  </datafield>
  <datafield tag="260" ind1=" " ind2=" ">
    <subfield code="a">Ciudad de M&#xE9;xico:</subfield>
    <subfield code="b">Tax Editores,</subfield>
    <subfield code="c">2019</subfield>
  </datafield>
  <datafield tag="300" ind1=" " ind2=" ">
    <subfield code="a">1 recurso electr&#xF3;nico</subfield>
  </datafield>
  <datafield tag="500" ind1=" " ind2=" ">
    <subfield code="a">En la actualidad, un n&#xFA;mero importante de personas morales se encuentra constituido legalmente como sociedades civiles (S.C.) o asociaciones civiles (A.C.), las cuales, dependiendo de las actividades que realizan, tributan en el T&#xED;tulo II (r&#xE9;gimen general) o en el T&#xED;tulo III (personas morales con fines no lucrativos) de la Ley del ISR (LISR). Por tal motivo, presentamos esta obra que incluye las disposiciones legales y fiscales que deben atender este tipo de personas morales. En el apartado fiscal se tratan de manera separada las disposiciones que deben satisfacer tanto las sociedades y asociaciones que tributan en el T&#xED;tulo II, como aquellas que se encuentran en el t&#xED;tulo III de la LISR. Esto permitir&#xE1; al lector comprender las disposiciones fiscales aplicables a estas sociedades y asociaciones, de acuerdo con el t&#xED;tulo de la citada ley en que se ubiquen. En el presente libro tambi&#xE9;n se abordan temas relacionados con el impuesto al valor agregado (IVA). Al igual que en el ISR, se hace la separaci&#xF3;n de las disposiciones fiscales que, para efectos de dicho impuesto, deben observar las sociedades y asociaciones civiles que pagan sus impuestos conforme al T&#xED;tulo II, as&#xED; como aquellas que se encuentran comprendidas en el T&#xED;tulo III de la LISR.    La obra incluye, entre otros, los ordenamientos fiscales siguientes: 1. La Ley de Ingresos de la Federaci&#xF3;n vigente. 2. La Resoluci&#xF3;n Miscel&#xE1;nea Fiscal. El manual est&#xE1; dirigido a los responsables del cumplimiento de las obligaciones fiscales de las sociedades y asociaciones civiles, sin importar el t&#xED;tulo de la LISR en el que se ubiquen; a los despachos de contadores p&#xFA;blicos que tengan como clientes a S.C. o A.C.; a los profesores en la materia de impuestos y estudiantes de la materia f iscal; as&#xED; como para los asesores fiscales y, en general, a cualquier persona que se interese en conocer las disposiciones legales y fiscales aplicables a tales personas morales.</subfield>
  </datafield>
  <datafield tag="506" ind1="1" ind2=" ">
    <subfield code="a">Disponible solo en los productos indicados</subfield>
    <subfield code="d">vLex Global</subfield>
    <subfield code="d">vLex Global (Academic Edition, excluding Law Schools)</subfield>
    <subfield code="d">vLex Global (U.S. Academic Edition, Law Schools)</subfield>
    <subfield code="d">vLex Global (U.S. Academic Edition, excluding Law Schools)</subfield>
    <subfield code="d">vLex Global (Academic Edition, Law Schools)</subfield>
  </datafield>
  <datafield tag="650" ind1="0" ind2="4">
    <subfield code="a">Derecho Fiscal</subfield>
    <subfield code="z">M&#xE9;xico</subfield>
  </datafield>
  <datafield tag="700" ind1="1" ind2=" ">
    <subfield code="a">Fol Olgu&#xED;n, Raymundo</subfield>
  </datafield>
  <datafield tag="740" ind1="0" ind2=" ">
    <subfield code="a">vLex Libros (Servicio en l&#xED;nea)</subfield>
  </datafield>
  <datafield tag="856" ind1="4" ind2="0">
    <subfield code="u">https://app.vlex.com/#/sources/manual-practico-de-sociedades-y-asociaciones-civiles-2019-23409</subfield>
  </datafield>
  <datafield tag="942" ind1=" " ind2=" ">
    <subfield code="c">RAA</subfield>
  </datafield>
  <datafield tag="952" ind1=" " ind2=" ">
    <subfield code="0">0</subfield>
    <subfield code="1">0</subfield>
    <subfield code="4">0</subfield>
    <subfield code="7">0</subfield>
    <subfield code="8">VLEX</subfield>
    <subfield code="9">324951</subfield>
    <subfield code="a">BD-UIN</subfield>
    <subfield code="b">BD-UIN</subfield>
    <subfield code="d">2024-03-05</subfield>
    <subfield code="l">0</subfield>
    <subfield code="p">23409</subfield>
    <subfield code="r">2024-03-05</subfield>
    <subfield code="w">2024-03-05</subfield>
    <subfield code="y">RAA</subfield>
  </datafield>
  <datafield tag="999" ind1=" " ind2=" ">
    <subfield code="c">166981</subfield>
    <subfield code="d">166981</subfield>
  </datafield>
</record>
